Statistics for Beatles Songs Unscramble

Click here to take the quiz!

General Stats

  • This quiz has been taken 353 times
  • The average score is 9 of 22

Answer Stats

HintAnswer% Correct
plehHelp
100%
nariRain
90%
naxtamTaxman
88%
love9notiruRevolution 9
68%
snichaChains
65%
po renlyNo Reply
65%
ovem od leLove Me Do
57%
yoow t'ovl de gothe yoir euvoa aayYou've Got To Hide Your Love Away
39%
fine ly miIn My Life
38%
cred ot tiktieTicket To Ride
35%
.i crab se.th.k. nusBack In The U.S.S.R.
32%
floster viderswfebr yaberrStrawberry Fields Forever
32%
wex'ris smallremv melhaMaxwell's Silver Hammer
25%
borne graileyEleanor Rigby
23%
salno oingsGlass Onion
23%
stoud saw thintTwist And Shout
20%
sive a 'jet sune fecaI've Just Seen A Face
19%
who enamernNowhere Man
14%
i elf thin ad ayeA Day In The Life
13%
dige tho dinning dorn waaThe Long And Winding Road
11%
desh sih sas aideShe Said She Said
9%
nuf fool yur rireRun For Your Life
7%

Score Distribution

Percentile by Number Answered

Percent of People with Each Score

Your Score History

You have not taken this quiz